Napoléon 1er 100 questions progressives - Statistiques

Statistiques générales
  • Ce quiz a été pris 921 fois
  • Le résultat moyen est 21 sur 100
Statistiques - réponses
% Question Réponse % Correct
2 Dans quelle ville Napoléon est-il né ? Ajaccio
99%
1 Dans quelle île est né Napoléon ? Corse
99%
8 Quand il nait son île est française depuis (...) an 1
80%
19 En 1796, Napoléon est nommé général en chef de l'armée d' Italie
61%
3 Quel jour Napoléon est-il né ? (Jour/mois/année) 15 août 1769
60%
35 Napoléon nomme les premiers maréchaux en 1804, combien sont-ils ? 18
60%
9 Sa famille est d'origine Italienne
52%
6 Il est empereur des Français en 1804
50%
5 Il devient général en 1793
46%
4 Il est le (...) enfant survivant de ses parents 2e | deuxième
45%
42 Le frère ainé de Napoléon se prénommait Joseph
42%
21 Dans quel pays se trouve de nos jours Waterloo ? Belgique
40%
20 Napoléon remporte le 15 novembre 1796 la bataille du pont d' Arcole
39%
22 Le 19 mai 1798, Napoléon quitte Toulon pour l' Egypte
39%
7 Son véritable prénom est Napoleone
38%
16 Napoléon a étudié à Brienne dans l'actuel département de Aube | 10
35%
10 Son père exerce la profession Avocat
34%
18 Napoléon appelle Marie Josèphe Rose Tascher de la Pagerie par le prénom de Joséphine
34%
47 Le mari de sa belle-fille Hortense de Beauharnais était le frère de Napoléon prénommé Louis
33%
36 Napoléon a pour deuxième épouse Marie-Louise d'Autriche
31%
23 Napoléon prend le pouvoir le 9 novembre 1799 c'est-à-dire pour le calendrier révolutionnaire le 18 brumaire an VIII
30%
12 Le prénom de son père est Charles
30%
97 Tandis que Napoléon se bat en Italie, Joséphine a pour amant Hippolyte Charles
30%
13 Napoléon arrive sur le continent pour la 1ère fois en 1778
28%
38 La calamiteuse campagne de Russie se déroule en 1812
28%
73 Qui administre pour la France le Domaine de Ste Hélène (nom de la fonction) Consul
28%
30 Dans quelle île est mort Napoléon ? Sainte-Hélène
28%
37 L'hériter de l'Empire, Napoléon François Charles Joseph est né en 1811
27%
24 Napoléon contribue à fonder en 1799 le Consulat
23%
49 Caroline Bonaparte a épousé Joachim Murat
23%
11 Le prénom de sa mère est Maria Letizia
23%
26 Le traité d'Amiens est signé en 1802 entre la France et Angleterre
22%
25 Le 24 décembre 1800, Napoléon est victime d'un attentat
22%
64 Napoléon a adopté trois enfants, citez le prénom de l'un d'eux Eugène | Stéphanie | Hortense
22%
28 Napoléon est sacré par le pape Pie VII
22%
17 Napoléon se fait connaitre lors du siège de Toulon, il a alors le grade de capitaine
21%
60 Dans quelle île Napoléon a-t-il été exilé en 1814 ? Elbe
21%
43 Comment se nommait son beau-fils (prénom et nom) Eugène de Beauharnais
21%
31 Le peintre qui a représenté le sacre de Napoléon est Jacques-Louis David
21%
27 Napoléon est sacré le (jour/mois/année) 2 décembre 1804
20%
32 Quel insecte est un des symboles de l'Empire ? Abeille
20%
33 On appelle Code Napoléon le code Civil
20%
40 En 1814, quel roi lui succède ? Louis XVIII
20%
56 La noblesse d'Empire est créée en 1808
19%
41 Les derniers mois de Napoléon sur le trône sont appelés les Cent-Jours
19%
48 Le plus jeune frère de Napoléon est mort en 1860, il se prénommait Jérôme
19%
45 Ses soldats de l'Armée d'Italie le surnommaient le Petit caporal
19%
39 L'héritier de l'Empire est titré Roi de Rome
19%
72 Bonaparte crée la Banque de France en 1800
17%
88 Le traité de Tilsit est signé en 1807
17%
15 Dans quel pays se trouve de nos jours Austerlitz ? Tchéquie
17%
14 Le premier établissement scolaire du continent que fréquente Napoléon est à Autun
16%
34 Les alliances successives des pays européens contre la France de Napoléon sont appelées les Coalitions
16%
70 Sa première femme est la veuve d'un général
16%
46 Le frère de Napoléon né en 1775 se prénommait Lucien
16%
89 L'amiral Nelson détruit la flotte franco-espagnole qui devait contribuer à envahir l'Angleterre à Trafalgar
16%
29 L'historien actuel reconnu comme spécialiste de Napoléon est Jean Tulard
16%
44 Citez un des deux consuls qui l'accompagnent au pouvoir ? Cambacérès | Lebrun
15%
51 Quelle soeur de Napoléon a épousé Félix Baciocchi ? Maria Anna | Elisa
12%
55 Qui était, dit-on, la soeur préférée de Napoléon ? Pauline
12%
50 Qui était la mère de Charles-Léon, enfant illégitime de Napoléon ? Éléonore Denuelle de La Plaigne
11%
79 Bonaparte prend Milan en (mois/année) mai 1796
11%
59 Quel oiseau est le symbole de l'Empire ? Aigle
10%
53 Le 1er mars 1815, Napoléon débarque à Golfe Juan
10%
82 Citez un maréchal d'empire mort au combat Lannes | Bessières | Poniatowski
10%
57 Dans sa jeunesse Napoléon est un grand admirateur du partisan corse nommé Pascal Paoli
10%
74 Le 5 octobre 1795, il réprime une insurrection royaliste et y gagne le surnom de général Vendémiaire
10%
54 Quel cinéaste a réalisé Napoléon en 1927 Abel Gance
9%
52 La dernière résidence de Napoléon se nommait Longwood House
9%
86 Le 23 octobre 1812, cet homme tente de renverser l'Empire, il se nomme Malet
9%
62 Quel jour Napoléon est-il mort ? (Jour/mois/année) 5 mai 1821
8%
71 En 1795, il se fiance avec Désirée Clary
8%
90 Sous le consulat, Napoléon choisit comme ministre de la Police ... Joseph Fouché
8%
67 Qui incarne le rôle titre dans la série Napoléon en 2002 Christian Clavier
7%
65 A Toulon, pendant le siège, il est sous les ordres du général Dugommier
7%
61 Le célèbre portait de Bonaparte en 1er consul portant un costume rouge est signé de Ingres
7%
75 Désirée Clary, son ancienne fiancée épouse finalement Jean-Baptiste Bernadotte
7%
76 Joséphine de Beauharnais est née dans ce département Martinique
7%
63 A l'école Napoléon 1er était excellent dans une discipline, laquelle ? Mathématiques
7%
58 Qui incarne Napoléon dans le film Austerlitz d'Abel Gance ? Pierre Mondy
7%
77 En février 1800, Bonaparte s'installe au palais du/des Tuileries
7%
69 L'Empire est proclamé le (jour/mois/année) 18 mai 1804
6%
80 Le tableau intitulé Napoléon en costume de sacre est l'oeuvre de François Gérard
6%
78 Le coup d'Etat du 18 brumaire se déroule à (commune) Saint-Cloud
6%
68 En 1793, Napoléon écrit le (3 mots) Souper de Beaucaire
6%
66 En 1785, Napoléon devient lieutenant au régiment d'Artillerie de La Fère qui tient garnison à Valence
6%
95 L'Aiglon, le fils de Napoléon est mort à Vienne en 1832
5%
91 Ce fils naturel de Napoléon a été ministre sous le règne de Napoléon III, il se nommait Alexandre Walewski
5%
87 Qui était le prince de Neufchâtel ? Berthier
5%
92 Un accord est signé en 1801 avec l'Eglise, il est appelé le Concordat
5%
83 Son beau-frère, le général Leclerc, meurt en 1802 à Saint-Domingue de fièvre jaune
5%
96 Quand il quitte l'Egypte, Napoléon confie son armée à Jean-Baptiste Kléber
5%
98 En 1798, il est choisi comme député par ce département (élection invalidée) Landes
5%
84 Il tenait son prénom d'un parent, frère, grand-père, cousin, oncle... ? Oncle
5%
93 La bataille d'Austerlitz est surnommée la bataille des Trois empereurs | 3 empereurs
5%
85 Après la campagne d'Italie, la rue Chantereine qu'il habite devient la rue de la Victoire
5%
100 En 1812, le grand empire compte de nombreux départements, combien ? 134
4%
81 Napoléon est le premier à utiliser le canon inventé par (..) en appui de l'infanterie Gribeauval
4%
99 Qui était le duc de Dantzig ? Lefebvre
4%
94 Le dernier des maréchaux d'empire à disparaitre, en 1852, est Marmont
4%
Aucun quiz correspondant
Distribution des résultats
% des personnes avec chaque résultat
Percentile par nombre de réponses
Votre historique - résultats
Vous n’avez pas pris ce quiz